Kanadische Provinzen und Territorien Quiz - Statistiken

Allgemein
  • Dieses Quiz wurde 1.419 mal gespielt
  • Das Durchschnittsergebnis liegt bei 8 aus 13
Antworten auf der Karte
Die Antworten werden auf der Karte rot bzw. grün angezeigt, abhängig davon wie oft sie richtig erraten wurden.
 
Antwortstatistiken
Province / Territory % Korrekt
Quebec
90%
Britisch-Kolumbien
77%
Alberta
76%
Ontario
76%
Neufundland und Labrador
73%
Yukon
65%
Neuschottland
55%
Manitoba
52%
Nunavut
50%
Saskatchewan
50%
New Brunswick
48%
Prinz Edward Insel
47%
Nordwestliche Territorien
44%
Keine übereinstimmenden Quizze gefunden
Verteilung der Resultate
Anzahl Personen mit jedem Resultat
Perzentil nach korrekt beantworteten Fragen
Ihre Resultats-Entwicklung
Sie haben dieses Quiz noch nicht gespielt